| 000 | 00276nam a22001217a 4500 | ||
|---|---|---|---|
| 999 |
_c16550 _d16550 |
||
| 003 | ASAB | ||
| 005 | 20170525123104.0 | ||
| 008 | 131126t xxu||||| |||| 00| 0 eng d | ||
| 020 | _a978-0-521-72947-5 | ||
| 040 | _cASAB | ||
| 082 | _a660.6 | ||
| 222 | _aBasic Biotechnology | ||
| 245 |
_aBasic Biotechnology _cEdited by : Colin Ratledge and Bjorn Kristiansen |
||
| 260 |
_aNew Delhi _bCambridge university press _c2006. |
||
| 300 | _a666 P | ||
| 942 |
_2ddc _cBK _kRat _m722 |
||